000 00935nam a2200205 i 4500
001 153908
003 ES-MaACL
005 20241026160718.0
008 000912s1885 sp |||| | spa d
040 _aCCPB | B
_bspa
_cCCPB | B
245 0 0 _aLegislación industrial
_b: Patentes de invencion y marcas de fábricas de comercio.- Peninsula, ultramar y convenios internacionales : Disposiciones derogadas y vigentes /
_crecopiladas y anotadas por D. Lorenzo Nicolás Quintana.
260 _aMadrid :
_b[s.n.],
_c1885 (
_festablecimiento tipográfico de M. Minuesa de los Rios)
300 _a160 p. ;
_c22 cm.
650 4 _aPatentes-
_xLegislación-
_zEspaña.
_9136665
700 1 _aQuintana, Lorenzo Nicolás.
_9131527
852 _aES-MaACL
_jT-1267-F-1
_z-- Enc. hol., conservando la enc. original
_z-- Enc. con otras obras formando un vol. facticio
852 _aES-MaACL
_jT-471-F-3
942 _2udc
999 _c153908
_d153908